00335 2200145 4500001002100000005001500021035002000036245004700056100002100103300001200124260001900136082000800155084001400163990001200177INLIS00000000000207620250527095144 a0010-05250003681 aKontakte Deustch Extra /cEva Maria Marbun0 aEva Maria Marbun a188 hlm bKatalis,c2008 a430 a430 EVA k a0713310